00477nam a22001812 4500001001100000005001700011008004100028020001700069040001500086245005500101250001300156260002700169300001800196650002500214650002200239650003100261852000300292000002078120151217152221.0111014s xx 000 0 eng d a1848600157 : aKABUcKABU10aGlobal Civil Society 2009 :bpoverty and activism. a1st ed. aLondon :bSAGE,c2009. axiii, 356 p. 0aPoverty.@0000150280 0aPoor.@0000164818 0aCivil society.@00001602741